[Event "Minsk Kupreichik Memorial op"]
[White "Ostrovskiy, Viktor"]
[Black "Drobyshevsky, Vasily"]
[Site "Minsk"]
[Round "9"]
[Result "0-1"]
[Date "2019.08.17"]
[WhiteElo "1453"]
[BlackElo "1441"]
[PlyCount "108"]
[EventDate "2019.08.15"]
[EventType "swiss (rapid)"]
[EventRounds "10"]
[EventCountry "BLR"]
[SourceTitle "CBM 191 Extra"]
[Source "ChessBase"]
[SourceDate "2019.09.30"]
[SourceVersion "1"]
[SourceVersionDate "2019.09.30"]
[SourceQuality "1"]

1. e4 d5 2. exd5 Qxd5 3. Nc3 Qe5+ 4. Qe2 Qxe2+ 5. Bxe2 Bf5 6. d3 c6 7. Nf3 Nf6 8. 0-0 e6 9. h3 Be7 10. Be3 Nbd7 11. Nh4 Bg6 12. Nxg6 hxg6 13. Ne4 Nb6 14. Bf4 Rd8 15. Be5 Nbd5 16. a3 0-0 17. c4 Nb6 18. Bc7 Rd7 19. Bxb6 axb6 20. Rfd1 Rfd8 21. Nc3 Bc5 22. Na4 Bd4 23. Rab1 e5 24. b4 Ra8 25. Nb2 Rxa3 26. c5 Ra2 27. Rd2 bxc5 28. bxc5 Bxc5 29. Nc4 Rxd2 30. Nxd2 b5 31. Nb3 Bd4 32. Bf3 Nd5 33. Na5 c5 34. Rxb5 Nf4 35. Rb8+ Kh7 36. Be4 f5 37. Bc6 Ra7 38. Nc4 Nxd3 39. Ne3 Ra1+ 40. Kh2 Nxf2 41. Nxf5 gxf5 42. Bd7 f4 43. Bf5+ Kh6 44. Rb6+ Kg5 45. g4 f3 46. Kg3 Rg1+ 47. Kxf3 e4+ 48. Ke2 Kf4 49. h4 Nxg4 50. Bxg4 Rxg4 51. h5 Rg2+ 52. Kf1 Rb2 53. Rxb2 Bxb2 54. Ke2 Bd4 0-1